000 00463nam a22001577a 4500
005 20231107145713.0
008 231107b |||||||| |||| 00| 0 eng d
041 _aEnglish / Afrikaans
082 _a346.4 UYS
100 _aUys, JF
_lEnglish / Afrikaans
245 _aProperty Laws :
_bGeneral Table of Contents /
_cJF Uys
260 _c1992
300 _b782 pages ;
_c27 cm.
650 _aLegal practice
_bLaw
942 _cBK
_6ALISON_BN_VRIES
999 _c393
_d393